Catálogo
 En Linea

El ron en la historia dominicana : (Registro nro. 32722)

Detalles MARC
000 -CABECERA
campo de control de longitud fija 01304nam a2200301 a 4500
001 - NÚMERO DE CONTROL
campo de control 000033231
003 - IDENTIFICADOR DEL NÚMERO DE CONTROL
campo de control DO-SdBNP
005 - FECHA Y HORA DE LA ÚLTIMA TRANSACCIÓN
campo de control 20240229073944.0
008 - DATOS DE LONGITUD FIJA--INFORMACIÓN GENERAL
campo de control de longitud fija 110823s1988 dr abc 000 0 spa d
040 ## - FUENTE DE LA CATALOGACIÓN
Centro catalogador/agencia de origen DO-SdBNP
Lengua de catalogación spa
Centro/agencia transcriptor BNPHU
082 ## - NÚMERO DE LA CLASIFICACIÓN DECIMAL DEWEY
Número de clasificación 338.4766359097293
Número de documento/Ítem C531ro
100 1# - ENTRADA PRINCIPAL--NOMBRE DE PERSONA
Nombre de persona Chez Checo, José,
Fechas asociadas al nombre 1949-
9 (RLIN) 10145
245 13 - MENCIÓN DE TÍTULO
Título El ron en la historia dominicana :
Resto del título desde los antecedentes hasta finales del siglo XX /
Mención de responsabilidad, etc. José Chez Checo ; presentación Ing. George Arzeno Brugal.
260 ## - PUBLICACIÓN, DISTRIBUCIÓN, ETC.
Lugar de publicación, distribución, etc. Santo Domingo :
Nombre del editor, distribuidor, etc. Centenario de Brugal,
Fecha de publicación, distribución, etc. 1988.
300 ## - DESCRIPCIÓN FÍSICA
Extensión 2v. :
Otras características físicas il., mapas, retrs. ;
Dimensiones 23 cm.
500 ## - NOTA GENERAL
Nota general La biblioteca posee v.1
500 ## - NOTA GENERAL
Nota general Incluye datos biográficos del autor en la solapa de la cubierta
500 ## - NOTA GENERAL
Nota general Incluye referencias bibliográficas y notas al pie de las páginas.
504 ## - NOTA DE BIBLIOGRAFÍA, ETC.
Nota de bibliografía, etc. Bibliografía : p. 253
505 0# - NOTA DE CONTENIDO CON FORMATO
Información miscelánea v.1.
Título Desde los antecedentes hasta finales del siglo XX
Información miscelánea v.2.
Título Siglos XX y XXI.
590 ## - NOTA LOCAL (RLIN)
Nota local Inventariado, 2019/MFF
650 #4 - PUNTO DE ACCESO ADICIONAL DE MATERIA--TÉRMINO DE MATERIA
Término de materia o nombre geográfico como elemento de entrada Ron
Subdivisión geográfica República Dominicana
Subdivisión cronológica SIGLO XX
9 (RLIN) 58861
650 #4 - PUNTO DE ACCESO ADICIONAL DE MATERIA--TÉRMINO DE MATERIA
Término de materia o nombre geográfico como elemento de entrada Ron
Subdivisión geográfica República Dominicana
Subdivisión cronológica SIGLO XXI
9 (RLIN) 58862
650 #4 - PUNTO DE ACCESO ADICIONAL DE MATERIA--TÉRMINO DE MATERIA
Término de materia o nombre geográfico como elemento de entrada Industria azucarera
Subdivisión general Productos derivados
Subdivisión geográfica República Dominicana
Subdivisión general Historia
9 (RLIN) 58863
700 12 - PUNTO DE ACCESO ADICIONAL--NOMBRE DE PERSONA
Nombre de persona Arzeno Brugal, George
9 (RLIN) 58864
910 ## - DATOS DE OPCIÓN DEL USUARIO (OCLC)
Datos de opción del usuario Validado. Control de calidad MFF
942 ## - ELEMENTOS DE PUNTO DE ACCESO ADICIONAL (KOHA)
Fuente del sistema de clasificación o colocación Dewey Decimal Classification
Tipo de ítem Koha Libro
Existencias
Estado de retiro Estado de pérdida No para préstamo Código de colección Localización permanente Ubicación/localización actual Ubicación en estantería Fecha de adquisición Número de inventario Total de préstamos Signatura topográfica completa Código de barras Fecha visto por última vez Precio válido a partir de Tipo de ítem Koha Nota pública Restricciones de uso Fuente del sistema de clasificación o colocación Número de copia
      Dominicana de Servicio Biblioteca Nacional Pedro Henríquez Ureña General Depósito 07.07.2021     BNPHU DS 338.4766359097293 C531ro 2021-2451 07.07.2021 07.07.2021 Libro y Folleto Colección Dominicana de Servicio   Préstamo en sala Dewey Decimal Classification e.4
      Dominicana de Servicio Biblioteca Nacional Pedro Henríquez Ureña General Depósito 07.07.2021     BNPHU DS 338.4766359097293 C531ro 2021-2452 07.07.2021 07.07.2021 Libro y Folleto Colección Dominicana de Servicio   Préstamo en sala Dewey Decimal Classification e. 5
    Excluido de préstamo Patrimonio Dominicano Patrimonio Dominicano Patrimonio Dominicano Depósito 23.08.2011 LF1   338.4766359097293 C531ro | v. 1 33231-10 25.06.2020 25.06.2020 Libro y Folleto Colección Patrimonio Dominicano Perteneció a la biblioteca personal de Juan Isidro Jimene Grullón.      
    Excluido de préstamo Patrimonio Dominicano Patrimonio Dominicano Patrimonio Dominicano Depósito 24.05.2013 LF1   338.4766359097293 C531ro | v. 1, e. 2 33231-20 25.06.2020 25.06.2020 Libro y Folleto Colección Patrimonio Dominicano        
      Patrimonio Dominicano Patrimonio Dominicano Patrimonio Dominicano Depósito 21.06.2013 LF1   338.4766359097293 C531ro | v. 1, e. 3 33231-30 25.06.2020 25.06.2020 Libro y Folleto Colección Patrimonio Dominicano        

Con tecnología Koha